Sai baba (Record no. 30771)

MARC details
000 -LEADER
fixed length control field 00899nam a22002537a 4500
005 - DATE AND TIME OF LATEST TRANSACTION
control field 20091005111630.0
008 - FIXED-LENGTH DATA ELEMENTS--GENERAL INFORMATION
fixed length control field 091005t xxu||||| |||| 00| 0 eng d
010 ## - LCCN (DPL NO)
LC control number ENG-95069
020 ## - INTERNATIONAL STANDARD BOOK NUMBER
International Standard Book Number 8188569178
Terms of availability 195.00
020 ## - INTERNATIONAL STANDARD BOOK NUMBER
International Standard Book Number 9788188569175
Terms of availability 195.00
035 ## - SYSTEM CONTROL NUMBER
System control number EN-78602
037 ## - SOURCE OF ACQUISITION
Source of stock number/acquisition DBAD/PUB
040 ## - CATALOGING SOURCE
Original cataloging agency DPL
Language of cataloging ENG
082 ## - DEWEY DECIMAL CLASSIFICATION NUMBER
Classification number 230.35
100 ## - MAIN ENTRY--PERSONAL NAME
Personal name Desai, Sonavi
240 ## - UNIFORM TITLE
Uniform title <a href="Spiritual Msters Sai Baba">Spiritual Msters Sai Baba</a>
Medium ENG
245 ## - TITLE STATEMENT
Title Sai baba
Statement of responsibility, etc Sonavi Desai
260 ## - PUBLICATION, DISTRIBUTION, ETC. (IMPRINT)
Place of publication, distribution, etc Mumbai
Name of publisher, distributor, etc Indus Source Books
Date of publication, distribution, etc 2008
270 ## - ADDRESS
Address PO box 6194, Malabar Hill PO
City Mumbai
Postal code 400006
300 ## - PHYSICAL DESCRIPTION
Extent xvi, 209 p.
Dimensions 21cm (Pbk)
600 ## - SUBJECT ADDED ENTRY--PERSONAL NAME
Personal name Sri Sai Baba,
Dates associated with a name 1836-1918
Geographic subdivision ( Maharashtra ) India
942 ## - ADDED ENTRY ELEMENTS (KOHA)
Source of classification or shelving scheme Dewey Decimal Classification
Item type English Books
Call number suffix DES
Classification part 230.35
Holdings
Withdrawn status Lost status Source of classification or shelving scheme Damaged status Not for loan Collection code Home library Current library Date acquired Source of acquisition Cost, normal purchase price Total Checkouts Full call number Barcode Date last seen Copy number Cost, replacement price Koha item type
    Dewey Decimal Classification   Not For Loan Non-fiction D.B.Act.Division D.B.Act.Division 30/09/2009 DBAD/PUB 195.00   230.35 DES EN-78602 05/10/2009 1 195.00 English Books

© Delhi Public Library
Hit Counter
free hit counter